| Tag |
First Indicator |
Second Indicator |
Subfields |
| LEADER |
00000cam a2200000 4500 |
| 001 |
in00000024168 |
| 005 |
20151007061037.0 |
| 008 |
770524s1949 caua b 00010 engmc |
| 010 |
|
|
|a a 50009142
|
| 035 |
|
|
|a (OCoLC)02990238
|
| 035 |
|
|
|9 AAD0918AM
|
| 040 |
|
|
|a Calif. U. Lib.
|c VTU
|d VTU
|d TXA
|d UtOrBLW
|
| 049 |
|
|
|a TXAM
|c [239125]
|
| 050 |
|
0 |
|a QL1
|b .C15 vol.47, no.12
|
| 092 |
|
|
|a 590.8
|b C128u, v.47, no.12
|
| 100 |
1 |
|
|a McConnaughey, Bayard Harlow,
|d 1916-
|
| 245 |
1 |
4 |
|a The anatomy and biology of the marine polychaete Thoracophelia mucronata (Treadwell) Opheliidae /
|c by Bayard H. McConnaughey and Denis L. Fox.
|
| 264 |
|
1 |
|a Berkeley :
|b University of California press,
|c 1949.
|
| 300 |
|
|
|a 319-339 pages :
|b illustrations ;
|c 26 cm.
|
| 336 |
|
|
|a text
|b txt
|2 rdacontent
|
| 337 |
|
|
|a unmediated
|b n
|2 rdamedia
|
| 338 |
|
|
|a volume
|b nc
|2 rdacarrier
|
| 490 |
1 |
|
|a University of California publications in zoology, v.47, no.12
|
| 504 |
|
|
|a "Literature cited": page 328.
|
| 650 |
|
0 |
|a Euzonus mucronata.
|
| 650 |
|
0 |
|a Worms
|z Pacific Coast.
|
| 700 |
1 |
|
|a Fox, Denis L.,
|d 1901-1983.
|
| 830 |
|
0 |
|a University of California publications in zoology ;
|v v. 47, no. 12.
|
| 999 |
|
|
|a MARS
|
| 999 |
f |
f |
|s 256c950b-d86f-33fd-b400-62953fbf3366
|i baa01c65-5ec1-39a4-a62d-9ca3eef282c4
|t 0
|
| 952 |
f |
f |
|p ric
|a Texas A&M University
|b Rellis Campus
|c Joint Library Facility
|s JLF
|d Remote Storage
|t 0
|e QL1 .C15 v.47, no.12
|h Library of Congress classification
|i unspecified -- unspecified
|m A14821214108
|n 1
|
| 998 |
f |
f |
|a QL1 .C15 v.47, no.12
|t 0
|l Remote Storage
|